| 000 | 00799nam a2200265Ia 4500 | ||
|---|---|---|---|
| 001 | Para_4340 | ||
| 003 | CHAP | ||
| 008 | 220125s1940 xx 000 0 und d | ||
| 010 | _a202867 | ||
| 040 | _cCHAP | ||
| 090 | _aPA FOLLETO 1870 | ||
| 100 |
_aWells, R. W _9121452 |
||
| 245 |
_aThe use of derris and cube washes in the control of cattle grubs / _c R. W. Wells |
||
| 260 |
_aWashington : _b Department of Agriculture |
||
| 300 | _a5 p. | ||
| 440 |
_aEUA. Depat. Agr.; E-496 _9168322 |
||
| 650 |
_aHypoderma lineatum Parasiticides Ganado _x ParĂ¡sitos Derris como insecticida _9168323 |
||
| 901 | _aPA FOLLETO 1870 | ||
| 902 | _aA | ||
| 905 | _a0000001940 WAS 0000000000 00 | ||
| 910 | _a1940 | ||
| 942 | _cPARA | ||
| 942 |
_cPARA _d1 |
||
| 999 |
_c202867 _d202867 |
||